000 00866cam a22003131 4500
001 8349590
003 OSt
005 20260415092841.0
008 750724s1947 xx 000 0 eng
010 _a 47031357
035 _a8349590
035 _a(OCoLC)1474743
040 _aDLC
_cFM
_dDLC
042 _apremarc
050 0 0 _aBS2775
_b.N4 1947
082 _a227.87
100 1 _aNewell, William Reed,
_d1868-
245 1 0 _aHebrews,
_bverse by verse.
250 _a[1st ed.]
260 _aChicago,
_bMoody Press
_c[1947]
300 _av, 494 p.
_c20 cm.
336 _atext
_btxt
_2rdacontent
337 _aunmediated
_bn
_2rdamedia
338 _avolume
_bnc
_2rdacarrier
630 0 0 _aBible.
_pHebrews
_xCommentaries.
906 _a7
_bcbc
_coclcrpl
_du
_encip
_f19
_gy-gencatlg
942 _2lcc
_cBK
999 _c21609
_d21608